Loading...
| History - American History | 0 | 8 | 0 | 2 | 80 | 20 | 49.38 | 3 | 7 |
| History - World History | 0 | 5 | 0 | 1 | 50 | 28 | 41.00 | 3 | 4 |
| Mythology | 0 | 5 | 1 | 0 | 45 | 28 | 48.40 | 3 | 5 |
| History - Other History | 0 | 3 | 1 | 0 | 25 | 26 | 52.33 | 0 | 3 |
| Pop Culture | 0 | 2 | 0 | 2 | 20 | 90 | 98.00 | 1 | 1 |
| History - European History | 0 | 2 | 1 | 0 | 15 | 55 | 68.50 | 1 | 2 |
| Social Science | 0 | 1 | 0 | 0 | 10 | 57 | 57.00 | 0 | 0 |
| Literature - European Literature | 0 | 1 | 0 | 0 | 10 | 34 | 34.00 | 1 | 1 |
| Literature - World Literature | 0 | 1 | 0 | 0 | 10 | 53 | 53.00 | 0 | 1 |
| Philosophy | 0 | 1 | 0 | 0 | 10 | 93 | 93.00 | 1 | 1 |
| Current Events | 0 | 1 | 0 | 1 | 10 | 109 | 109.00 | 0 | 0 |